000 00726nam a2200241Ia 4500
003 OSt
005 20220923223311.0
006 a|||||r|||| 00| 0
007 ta
008 220922b |||||||| |||| 00| 0 hin d
024 _a213,150
037 _cTextual
040 _aARTS
_cARTS
_bhin
041 _2hin
_ahin
082 _aO152,3N28x, L7;L9-;2
100 _aशिव प्रसाद सिंह
245 0 _aभेड़िये
246 _aBheड़iye
260 _aदिल्ली
_b नेशनल पब्लि हा0
_c1977
300 _a118पृ.
_ccm.
942 _hO152,3N28x, L7;L9-;2
_cTEXL
_2CC
999 _c363402
_d363402